LDR 00722naa#a2200181#i#450# 001 EN\\bibl\126805 005 20260702002917.4 011 ## _a1815-588X 100 ## _a20260630b2026####ek#y0engy0150####ca 102 ## _aRU 200 1# _aExperimental Studies of the Dependence of the Current Flowing Through an Insulating Joint on Changes in Its Resistance _eJournal article 210 1# _aSaint-Petersburg _cFSBEI HE "Emperor Alexander I St. Petersburg State Transport University" _d2026 215 ## _a6 с. 608 ## _aJournal article _2local 675 ## _aИзолированные рельсы. Рельсовые цепи. 656.259.12 _z 700 #1 _aNadezhkin _gVadim Aleksandrovich 700 #1 _aBredun _gIl'ya Sergeevich 856 4# _aatjournal.ru _u